000 00650nam a2200229 i 4500
001 bg
100 1 _aCZAJKOWSKI, Michał
245 1 0 _aĆwiczenia z Netscape Communicator 4 /
_cMichał Czajkowski.
246 1 4 _aNetscape Communicator - ćwiczenia
260 _aWarszawa :
_b"Edu-Mikom",
_c1998.
300 _a160 s. :
_brys. ;
_c24 cm.
500 _aTyt. okł. : Netscape Communicator - ćwiczenia.
650 9 _aCommunicator
655 _aPodręczniki
020 _a8387102466
040 _cBPK
041 0 _apl
080 _a004.4:004.738.5](07)
920 _a83-87102-46-6
942 _cKS
008 s pl f |000 0 pol
999 _c33527
_d33527
856 _uhttp://koha.tu.koszalin.pl/cgi-bin/koha/opac-detail.pl?biblionumber=33527
_yKatalog online BPK